Ligue des Champions 2024-2025: Adversaires du Paris SG (Mort subite) - Statistiques

Statistiques générales
  • Ce quiz a été pris 738 fois
  • Le résultat moyen est 5 sur 8
Answers on the Grid
Answers color-coded by a green-red scale on the quiz's grid according to % correct below.
Arsenal
Aston Villa
Atalanta Bergame
Atlético de Madrid
Bayer Leverkusen
Bayern Munich
Benfica Lisbonne
Chakhtar Donetsk
Club Bruges
Bologne
Borussia Dortmund
Dinamo Zagreb
Etoile Rouge Belgrade
FC Barcelone
Feyenoord Rotterdam
Gérone
Inter Milan
Juventus Turin
Liverpool
Manchester City
Milan AC
PSV Eindhoven
RB Salzbourg
RB Leipzig
Real Madrid
Sparta Prague
Sporting CP
Sturm Graz
VfB Stuttgart
Young Boys Berne
Celtic Glasgow
Slovan Bratislava
 
Statistiques - réponses
Réponse % Correct
Manchester City
77%
Arsenal
71%
Atlético de Madrid
70%
Bayern Munich
68%
Gérone
66%
PSV Eindhoven
63%
VfB Stuttgart
57%
RB Salzbourg
51%
Aucun quiz correspondant
Distribution des résultats
% des personnes avec chaque résultat
Percentile par nombre de réponses
Votre historique - résultats
Vous n’avez pas pris ce quiz